000 01031nam a22003137a 4500
001 0074
003 DO-SdBPM
005 20260428082345.0
007 ta
008 151020b2019 sp | |||| 00| 0 spa d
020 _a9788417766153
040 _aDO-SdBPM
_bspa
_cBPMSU
_erda
082 0 4 _a863.5
_bM421u 2019
_2 22
100 1 _aMassons, Laia
_eautora
_4aut.
_d
245 1 0 _a Un pastel muy especial /
_cLaia Massons ; ilustración Albert Pinilla
264 _aMadrid :
_b Carambuco Editorial,
_c2019
300 _aVarias paginaciones :
_bilustración ;
_c20 cm.
336 _atexto
_btxt
_2rdacontent
337 _asin mediación
_bn
_2rdamedia
338 _avolumen
_bnc
_2rdacarrier
500 _aAdaptado a la lengua de signos española
590 _aInventariado, 2026/VM
650 4 _aCuentos infantiles españoles
650 7 _aPasteles
_vCuentos infantiles
650 7 _aLibros ilustrados para niños
700 1 _aPinilla, Albert
_eilustración
910 _aVMateo V. Control de calidad. BPMSU
942 _2ddc
_cBK
999 _c15800
_d15800